000 00301nam a22001337a 4500
008 180216b xxu||||| |||| 00| 0 eng d
020 _a9789990955125
041 _aeng
080 _a004
100 _a35
101 _ashk
245 _ainrtenet guide for diplomats
_cjovan.k
942 _2udc
_cBK
999 _c42811
_d42811